Kleinste Länder Nordamerikas - Statistiken

Allgemein
  • Dieses Quiz wurde 289 mal gespielt
  • Das Durchschnittsergebnis liegt bei 9 aus 10
Antwortstatistiken
Rang Fläche in km² Land % Korrekt
1 261 St. Kitts und Nevis
91%
6 616 St. Lucia
91%
3 389 St. Vincent und die Grenadinen
88%
4 430 Barbados
87%
2 344 Grenada
85%
5 443 Antigua und Barbuda
84%
7 751 Dominica
84%
8 5.128 Trinidad und Tobago
83%
9 10.991 Jamaika
82%
10 13.880 Bahamas
81%
Keine übereinstimmenden Quizze gefunden
Verteilung der Resultate
Anzahl Personen mit jedem Resultat
Perzentil nach korrekt beantworteten Fragen
Ihre Resultats-Entwicklung
Sie haben dieses Quiz noch nicht gespielt